000 00370nam a2200121Ia 4500
008 240731s9999 xx 000 0 und d
022 _a1542-0361
245 0 _aJournal of Map & Geography Libraries : Advances in Geospatial Information, Collections & Archives
260 _bRoutledge
856 _uhttps://www.tandfonline.com/loi/wmgl20
942 _2ddc
942 _cTFEJ
999 _c77927
_d77927
945 _a1
_bMadushi Gamage
_c1
_dMadushi Gamage